In Which Star Wars Movie? Click Quiz - Statistics

General Stats
  • This quiz has been taken 5,029 times
    3,842 since last reset
  • The average score is 16 of 22
Answer Stats
Hint Answer % Correct
Births of Luke and Leia Episode III

Revenge of the Sith
89%
"Execute Order 66." Episode III

Revenge of the Sith
86%
Obi-Wan Kenobi's death Episode IV

A New Hope
84%
Han Solo gets frozen in carbonite Episode V

The Empire Strikes Back
84%
"No. I am your father.” Episode V

The Empire Strikes Back
84%
Boonta Eve Podrace Episode I

The Phantom Menace
82%
Battle of Hoth Episode V

The Empire Strikes Back
82%
Anakin slaughters the Tusken Raiders that killed his mother Episode II

Attack of the Clones
81%
Battle of Endor Episode VI

Return of the Jedi
80%
Battle of Geonosis Episode II

Attack of the Clones
79%
Count Dooku's death Episode III

Revenge of the Sith
79%
"These aren't the droids you're looking for." Episode IV

A New Hope
79%
Battle of Naboo Episode I

The Phantom Menace
78%
Han Solo's death Episode VII

The Force Awakens
78%
Luke Skywalker's death Episode VIII

The Last Jedi
73%
Yoda's death Episode VI

Return of the Jedi
68%
Rey finds Luke Skywalker Episode VII

The Force Awakens
65%
Battle of Exegol Episode IX

The Rise of Skywalker
65%
Leia's death Episode IX

The Rise of Skywalker
64%
Battle of Yavin Episode IV

A New Hope
59%
Battle of Crait Episode VIII

The Last Jedi
59%
Battle of the Great Pit of Carkoon Episode VI

Return of the Jedi
46%
No matching quizzes found
Score Distribution
Percent of People with Each Score
Percentile by Number Answered
Your Score History
You have not taken this quiz since the last reset